00349nam a2200133Ia 4500008004100000041000800041082001600049100003500065245003400100250000600134260003800140300000800178650002900186210716s1992 xx 000 0 und d aeng a004.21 SKIS aSkidmore, Steve; Wroe, Brenda. aIntroducing systems analysis. a1 aNew DelhibBPB Publicationsc1992 a244 aSystem Analysis & Design